KUUMAA - Ylivoimainen lyrics - Statistics

Yleistilastot
  • Tätä visaa on pelattu 386 kertaa
  • Keskiarvotulos 176 / 252
Vastaustilastot
Hint Vastaus % Oikein
oo
97%
esikertosäe
94%
yli
92%
91%
oot
90%
vai
90%
ylivoimainen
89%
ja
88%
ku
88%
luo
88%
tää
87%
vaan
85%
on
83%
koska
81%
kun
81%
säkeistö 1 kruuna
80%
mitä
80%
moottoritie
80%
tuun
80%
en
79%
sun
79%
klaava
78%
loputon
78%
tai
78%
kertosäe vaikka
78%
aidan
76%
portaiden
76%
se
76%
uudestaan
75%
vie
75%
mikä
73%
saa
73%
luokses
72%
taas
69%
kunhan
68%
muu
68%
pääsen
68%
voi
68%
juosten
67%
palaa
67%
mun
66%
ei
65%
muuta
65%
sydän
64%
millään
63%
ilta
62%
mitään
62%
kengät
61%
viilee
60%
jos
59%
laantumaan
59%
mul
57%
enää
56%
kartalle
56%
merkki
56%
myrskyä
56%
ainoa
55%
hajalla
55%
sen
53%
kaikki
48%
intro | jälkikertosäe oo-oo-oo
47%
mut
46%
vaatiikaan
46%
että
45%
ikinä
45%
kertaa
44%
tuhat
43%
viel
43%
takaisin
42%
säkeistö 2 nousut
41%
pysty
41%
sus
41%
laskut
40%
sut
40%
ne
39%
oottamaan
39%
sanoit
39%
palaat
38%
löydän
37%
suurempaa
36%
olet
35%
oon
35%
viimeinen
35%
ni
34%
palamaan
34%
joka
33%
polulla
33%
laittaa
32%
eteenpäin
31%
taakseni
31%
valo
31%
jätän
30%
kulkemaan
30%
minkä
30%
nyt
29%
päättäny
28%
ee-ee-ee
21%
Ehtoja vastaavia visoja ei löytynyt
Tulosjakauma
Jokaisen tuloksen saaneiden osuus
Persentiili vastausten määrän mukaan
Tuloshistoriasi
Et ole pelannut tätä visaa